Fr. Conceicao Rodrigues College of Engineering

Materials Data Book (Record no. 26871)

MARC details
000 -LEADER
fixed length control field 00278nam a2200145Ia 4500
082 ## - DEWEY DECIMAL CLASSIFICATION NUMBER
Classification number 621.1
Item number PAR
100 ## - MAIN ENTRY--PERSONAL NAME
Personal name Parker
245 ## - TITLE STATEMENT
Title Materials Data Book
260 ## - PUBLICATION, DISTRIBUTION, ETC.
Name of publisher, distributor, etc. McGraw Hill
Date of publication, distribution, etc. 2001
300 ## - PHYSICAL DESCRIPTION
Extent 398
546 ## - LANGUAGE NOTE
Language note ENGLISH
654 ## - SUBJECT ADDED ENTRY--FACETED TOPICAL TERMS
Focus term Data
942 ## - ADDED ENTRY ELEMENTS (KOHA)
Koha item type BOOK
Holdings
Withdrawn status Lost status Damaged status Not for loan Collection Home library Current library Date acquired Total Checkouts Full call number Barcode Date due Date last seen Date last checked out Price effective from Koha item type
        AFT Fr. Agnel's C.Rodrigues College of Engineering Fr. Agnel's C.Rodrigues- College of Engineering 17/03/2023 1 621.1 PAR AFT586 05/08/2015 12/06/2023 12/06/2023 17/03/2023 BOOK